000 00689cab a2200193 4500
001 WB2722-31
008 090401t1991 xxu||||| |||| 00| 0 eng d
035 _a(Sirsi) u1962
041 _aeng
245 _aBeware an explosion in house prices
260 _c1991
350 _a0
490 _aIndependent
_v3 June 1991, 23
490 _aTimes
_v3 June 1991, 22(2)
520 _aA report from Business Strategies "Household prospects service" forecasts a rise in house prices due to the fall in interest rates but there are warnings against an explosion in house prices again.
690 _aPROPERTY-RESIDENTIAL PROPERTY-RESIDENTIAL PROPERTY MARKET
942 _n0
948 _c04/03/1997
999 _c1155
_d1155